History Quiz

Random History or Year Quiz
Score 0/20 Timer 06:00
3 Plays Today
Question Answer Wrong Answers
Franklin Roosevelt
1933-1945
Right
83.5%
Wrong
8.5%
Abraham Lincoln
1861-1865
Right
82.5%
Wrong
10.2%
Bill Clinton
1993-2001
Right
80.3%
Wrong
12.2%
George Washington
1789-1797
Right
78.9%
Wrong
14.2%
Lyndon Johnson
1963-1969
Right
78.2%
Wrong
14.2%
William McKinley
1897-1901
Right
71.4%
Wrong
20.5%
James Garfield
1881-1881
Right
71.3%
Wrong
21.4%
John Tyler
1841-1845
Right
70.8%
Wrong
21.8%
John Quincy Adams
1825-1829
Right
70.5%
Wrong
22.3%
Millard Fillmore
1850-1853
Right
64.1%
Wrong
28.4%
Richard Nixon
1971-1979
Wrong
63.1%
Right
30.3%
Grover Cleveland
1888-1896
Wrong
53.1%
Right
40.1%
William Henry Harrison
1837-1841
Wrong
52.8%
Right
39.9%
William Taft
1909-1917
Wrong
52.6%
Right
39.9%
Ulysses Grant
1865-1871
Wrong
49.9%
Right
42.9%
James Buchanan
1853-1856
Wrong
49.3%
Right
43.4%
Dwight Eisenhower
1953-1957
Wrong
48%
Right
45.2%
James Polk
1847-1849
Wrong
46.6%
Right
45.9%
Ronald Reagan
1981-1987
Wrong
42.5%
Right
51%
Thomas Jefferson
1809-1817
Wrong
41.3%
Right
51.6%
Remove Ads.
Support Sporcle.
Get the best of Sporcle when you Go Orange. This ad-free experience offers more features, more stats, and more fun while also helping to support Sporcle. Thank you for becoming a member.

You're not logged in!

Compare scores with friends on all Sporcle quizzes.
OR
Log In

Show Comments

Extras

Top Quizzes Today


Score Distribution

Your Account Isn't Verified!

In order to create a playlist on Sporcle, you need to verify the email address you used during registration. Go to your Sporcle Settings to finish the process.

Report this User

Report this user for behavior that violates our Community Guidelines.

Details: